| 000 | 00492nam a2200205Ia 4500 | ||
|---|---|---|---|
| 003 | OSt | ||
| 005 | 20251209105516.0 | ||
| 008 | 250729s1905 xx 000 0 und d | ||
| 020 | _a978-1314294187 | ||
| 040 | _cAL | ||
| 041 | _aeng | ||
| 082 | _a320 COTN | ||
| 100 |
_aCotton Henry _9226192 |
||
| 245 | _aNew india or india in transition | ||
| 260 |
_aLondon _c1905 |
||
| 300 | _a251p | ||
| 650 |
_aPolitical Science _9226193 |
||
| 700 |
_aRao Digumurthi _9226194 |
||
| 942 |
_2ddc _cBED |
||
| 999 |
_c237212 _d237212 |
||